| 000 | 00443nam a22001457a 4500 | ||
|---|---|---|---|
| 003 | OSt | ||
| 008 | 251215b |||||||| |||| 00| 0 eng d | ||
| 082 |
_a631.46 _bS47I |
||
| 100 | _aSen, Sneha | ||
| 245 | _aIntegrating Natural Farming With Agro-Ecology For Sustaining Soil Health in Eastern India | ||
| 260 |
_aPusa, Samastipur _bDRPCAU _c2024 |
||
| 300 | _a112 | ||
| 502 |
_aBibliography-xi, Appendix-v _bM.Sc.(Soil sc.) _d2024 |
||
| 942 |
_2ddc _cT |
||
| 999 |
_c49428 _d49428 |
||